| 000 | 00513nam a2200169 4500 | ||
|---|---|---|---|
| 001 | 127802 | ||
| 003 | ES-MaACL | ||
| 005 | 20230906193105.0 | ||
| 007 | t| | ||
| 008 | 070214s1971 sp r ||||1| spa d | ||
| 100 | 1 |
_aRivas, Arturo. _997551 |
|
| 245 | 1 | 0 |
_aEvaluación por test _b: Física y Química : Cuarto Curso : hojas del alumno / _cA. Rivas. |
| 260 |
_aLeón : _bEverest, _c1971. |
||
| 300 |
_a32 p. : _bil. ; _c21 cm. |
||
| 852 |
_aES-MaACL _jC-43953 _bR.80772 |
||
| 852 |
_aES-MaACL _j2076-F-7 _bR.76626 |
||
| 999 |
_c127802 _d127802 |
||